Statistics for Generator Puzzle #2

Click here to take the quiz!

General Stats

  • This quiz has been taken 16,486 times
  • The average score is 11 of 21

Answer Stats

Hint Answer % Correct
Large boatShip
87%
Tokyo, Paris, eg.City
83%
ImitateCopy
75%
Firing of a gunShot
74%
Throw a baseballPitch
74%
Mildly drunkTipsy
71%
______ fibrosisCystic
71%
Component of beerHops
67%
Goes well with fishChips
62%
Movie: "The Seven Year ____"Itch
52%
Hot (food)Spicy
50%
Snug (Brit.)Cosy
47%
Fortune teller, eg.Psychic
46%
Relating to visionOptic
46%
WhiskyScotch
43%
Subject; talking pointTopic
39%
Cuts vigorouslyChops
38%
PSYCHOTIC
26%
Thsi or thta, eg.Typo
16%
Concise; to the pointPithy
13%
Unaffected by hardshipStoic
11%

Score Distribution

Percentile by Number Answered

Percent of People with Each Score

Your Score History

You have not taken this quiz